Desequilibrio radiactivo : (Record no. 171861)

MARC details
000 -LEADER
campo de control de longitud fija 00919nam a2200229 i 4500
001 - NÚMERO DE CONTROL
campo de control 171861
003 - IDENTIFICADOR DE NÚMERO DE CONTROL
campo de control ES-MaACL
005 - FECHA Y HORA DE LA ÚLTIMA TRANSACCIÓN
campo de control 20230906214741.0
008 - DATOS DE LONGITUD FIJA--INFORMACIÓN GENERAL
campo de control de longitud fija 090604s1966 sp ad |||| | spa d
080 ## - NÚMERO DE LA CLASIFICACIÓN DECIMAL UNIVERSAL
Número de la Clasificación Decimal Universal 553.495
100 1# - ENTRADA PRINCIPAL--NOMBRE DE PERSONA
Nombre de persona Mingarro, Enrique.
9 (RLIN) 81328
245 10 - MENCIÓN DEL TÍTULO
Título Desequilibrio radiactivo :
Resto del título I, método beta-gamma determinación de la razón eRa/U : valoración del contenido en U<3>O<8> /
Mención de responsabilidad, etc. por E. Mingarro.
260 ## - PUBLICACIÓN, DISTRIBUCIÓN, ETC.
Lugar de publicación, distribución, etc. Madrid :
Nombre del editor, distribuidor, etc. Servicio de Documentación, Biblioteca y Publicaciones, Junta de Energía Nuclear,
Fecha de publicación, distribución, etc. 1966.
300 ## - DESCRIPCIÓN FÍSICA
Extensión 124 p., 2 h. :
Otras características físicas gráf., il. ;
Dimensiones 30 cm.
490 1# - MENCIÓN DE SERIE
Mención de serie J.E.N. 167-Sig/I 5
650 #4 - PUNTO DE ACCESO ADICIONAL DE MATERIA--TÉRMINO DE MATERIA
Término de materia o nombre geográfico como elemento de entrada Sustancias radiactivas.
9 (RLIN) 140487
710 2# - ENTRADA AGREGADA--NOMBRE DE ENTIDAD CORPORATIVA
Nombre de entidad corporativa o nombre de jurisdicción como elemento de entrada Junta de Energía Nuclear (España).
Unidad subordinada Servicio de Documentación, Biblioteca y Publicaciones.
9 (RLIN) 140488
830 1# - PUNTO DE ACCESO ADICIONAL DE SERIE-TÍTULO UNIFORME
Título uniforme J.E.N. 167-Sig/I 5
9 (RLIN) 223222
852 ## - LOCALIZACIÓN
Ubicación ES-MaACL
Número de control de estantería C-56934
852 1# - LOCALIZACIÓN
Ubicación BA
Número de control de estantería C-35129
Holdings
Estatus retirado Estado de pérdida Estado de daño No para préstamo Biblioteca de origen Biblioteca actual Ubicación en estantería Fecha de adquisición Fuente de adquisición Total de préstamos Signatura topográfica completa Código de barras Visto por última vez Precio de reemplazo Tipo de ítem Koha
        Biblioteca del Ateneo de Madrid Biblioteca del Ateneo de Madrid Depósito 2 04/06/2009     C-56934 1180363 23/02/2023 23/02/2023 Libro impreso
        Biblioteca del Ateneo de Madrid Biblioteca del Ateneo de Madrid Depósito 2 01/12/2017     C-35129 1198137 23/02/2023 23/02/2023 Libro impreso